Statistics for MLB: Top 50 Active Players: ERA

Click here to take the quiz!

General Stats

  • This quiz has been taken 40 times
    (11 since last reset)
  • The average score is 17 of 50

Answer Stats

#PlayerERA% Correct
4Max Scherzer3.15
100%
1Clayton Kershaw2.48
91%
6Justin Verlander3.24
91%
5Gerrit Cole3.17
82%
2Jacob deGrom2.53
82%
15Adam Wainwright3.53
64%
50Jon Gray4.45
64%
11Sonny Gray3.47
64%
10Zack Wheeler3.45
64%
16Luis Castillo3.54
55%
17Yu Darvish3.59
55%
13Zack Greinke3.49
55%
19Aaron Nola3.72
45%
14Johnny Cueto3.50
45%
12Kyle Hendricks3.48
45%
20Lance Lynn3.74
45%
31Charlie Morton4.00
36%
3Chris Sale3.10
36%
24Kevin Gausman3.84
36%
48Lucas Giolito4.43
36%
18Marcus Stroman3.65
36%
38Nathan Eovaldi4.10
36%
28Robbie Ray3.97
36%
21Alex Wood3.74
27%
35Carlos Carrasco4.04
27%
9Corey Kluber3.44
27%
33Dallas Keuchel4.03
27%
34Eduardo Rodríguez4.03
27%
47Germán Márquez4.41
27%
8Hyun-jin Ryu3.28
27%
22José Quintana3.74
27%
36Wade Miley4.06
27%
25Alex Cobb3.85
18%
26Danny Duffy3.95
18%
27Michael Wacha3.96
18%
46Patrick Corbin4.40
18%
7Stephen Strasburg3.25
18%
41Drew Smyly4.22
9%
40Ian Kennedy4.16
9%
39José Berríos4.15
9%
23Julio Teherán3.83
9%
49Martín Pérez4.44
9%
32Rich Hill4.01
9%
37Sean Manaea4.10
9%
29Taijuan Walker3.97
9%
45Zach Davies4.36
9%
43Chase Anderson4.35
0%
30Jake Odorizzi3.99
0%
42Jesse Chavez4.30
0%
44Matt Moore4.36
0%

Score Distribution

Percentile by Number Answered

Percent of People with Each Score

Your Score History

You have not taken this quiz since the last reset